| 000 | 00845nam a22002177a 4500 | ||
|---|---|---|---|
| 999 |
_c20033 _d20033 |
||
| 003 | AR-CdUCM | ||
| 008 | 190228b ||||| |||| 00| 0 spa d | ||
| 040 |
_aMUNICIPALIDAD PROVINCIAL DEL CUSCO _cBIBLIOTECA MUNICIPAL DEL CUSCO |
||
| 082 |
_a342.147 / _bK76 |
||
| 100 |
_aPortocarrero Olave, Felipe _936869 |
||
| 245 | _aDerecho internacional público / | ||
| 260 |
_aLima : _bEdiciones peruanas, _c1966. |
||
| 300 |
_a519 paginas ; _c25 cm. |
||
| 505 | _aContenido: el derecho internacional publico -- El desarrollo de las relaciones y de la comunidad internacional -- Los tratados... | ||
| 650 |
_aPactos internacionales _96965 |
||
| 650 |
_aDerechos y deberes _96966 |
||
| 650 |
_aOrganización de las Naciones Unidas _96967 |
||
| 650 |
_aOrganización de Estados Americanos _96968 |
||
| 942 |
_2ddc _cLIBROS |
||
| 945 |
_adavv _d2019-05-24 |
||